| 000 | 00731 a2200217 4500 | ||
|---|---|---|---|
| 003 | Nust | ||
| 005 | 20170207152504.0 | ||
| 010 | _a 2003069766 | ||
| 020 | _a0849315867 (alk. paper) | ||
| 040 | _cNust | ||
| 082 | 0 | 0 | _a620 |
| 245 | 0 | 4 |
_aThe engineering handbook / _ceditor-in-chief, Richard C. Dorf. |
| 250 | _a2nd ed. | ||
| 260 |
_aBoca Raton [Fla.] : _bCRC Press, _cc2005. |
||
| 300 |
_a1 v. (various pagings) : _bill. ; _c27 cm. |
||
| 440 | 4 | _aThe electrical engineering handbook series | |
| 650 | 0 | _aEngineering | |
| 700 | 1 | _aDorf, Richard C. | |
| 856 | 4 | 2 |
_3Book review (E-STREAMS) _uhttp://www.e-streams.com/es0808/es0808_4229.html |
| 856 | 4 | 2 |
_3Publisher description _uhttp://www.loc.gov/catdir/enhancements/fy0646/2003069766-d.html |
| 942 | _cREF | ||
| 999 |
_c175476 _d175476 |
||